[Event "FRA-chT Top 16 Gp Haute"]
[Site "France"]
[Date "2007.06.03"]
[Round "11.8"]
[White "Leroy, Didier"]
[Black "Lallemand, Roza"]
[Result "0-1"]
[WhiteElo "2316"]
[BlackElo "2202"]
[PlyCount "92"]
[EventDate "2007.05.31"]
[EventType "team"]
[EventRounds "11"]
[EventCountry "FRA"]
[SourceTitle "CBM 118 Extra"]
[Source "ChessBase"]
[SourceDate "2007.07.04"]
[SourceVersion "1"]
[SourceVersionDate "2007.07.04"]
[SourceQuality "1"]
[WhiteTeam "Evry"]
[BlackTeam "Bischwiller"]
[WhiteTeamCountry "FRA"]
[BlackTeamCountry "FRA"]

1. d4 Nf6 2. c4 g6 3. Nc3 Bg7 4. e4 d6 5. h3 0-0 6. Nf3 e5 7. d5 a5 8. Bg5 Qe8 9. Qd2 Nfd7 10. Bh6 Nc5 11. g4 Nba6 12. Be2 Bd7 13. h4 Bxg4 14. h5 Bxf3 15. Bxf3 Bxh6 16. Qxh6 Qe7 17. 0-0-0 g5 18. Bg4 f6 19. a3 Qg7 20. Qxg7+ Kxg7 21. h6+ Kg8 22. Kc2 Rfd8 23. Bf5 a4 24. Rhg1 c6 25. Rg3 Nc7 26. Ne2 Kh8 27. f4 exf4 28. Nxf4 cxd5 29. cxd5 Rf8 30. Nh5 Rae8 31. Rc3 Nb5 32. Rc4 Re7 33. Ng7 Rxg7 34. hxg7+ Kxg7 35. Kd2 h5 36. Ke3 Rh8 37. Rdc1 Kh6 38. Rb4 Nc7 39. Rb6 Ne8 40. Rxc5 dxc5 41. e5 g4 42. Bd7 Kg5 43. Bxe8 Rxe8 44. e6 Kf5 45. Rxb7 h4 46. Kf2 Rh8 0-1

[Event "FRA-chT Top 16 Gp Haute"]
[Site "France"]
[Date "2007.06.01"]
[Round "9.7"]
[White "Leconte, Maria"]
[Black "Leroy, Didier"]
[Result "1-0"]
[WhiteElo "2377"]
[BlackElo "2316"]
[PlyCount "63"]
[EventDate "2007.05.31"]
[EventType "team"]
[EventRounds "11"]
[EventCountry "FRA"]
[SourceTitle "CBM 118 Extra"]
[Source "ChessBase"]
[SourceDate "2007.07.04"]
[SourceVersion "1"]
[SourceVersionDate "2007.07.04"]
[SourceQuality "1"]
[WhiteTeam "Cannes"]
[BlackTeam "Evry"]
[WhiteTeamCountry "FRA"]
[BlackTeamCountry "FRA"]

1. e4 c5 2. Nf3 d6 3. d4 cxd4 4. Nxd4 Nf6 5. Nc3 a6 6. g3 Bg4 7. f3 Bd7 8. Be3 Nc6 9. Qd2 Rc8 10. 0-0-0 Qa5 11. Nb3 Qc7 12. g4 h6 13. h4 e6 14. Be2 Ne5 15. g5 Nh5 16. f4 Nc4 17. Bxc4 Qxc4 18. Rhg1 hxg5 19. hxg5 b5 20. a3 b4 21. axb4 Qxb4 22. g6 f6 23. f5 Rxc3 24. bxc3 Qa3+ 25. Kb1 Be7 26. Bc5 Qa4 27. Bxd6 Qc6 28. Rh1 exf5 29. Bxe7 Kxe7 30. exf5 Qb5 31. Qd6+ Kd8 32. Rd5 1-0